[Event "DEM U10/U10w 2004"]
[Site "Willingen GER"]
[Date "2004.05.31"]
[Round "3"]
[White "Dötterl, Michael"]
[Black "Boos, Philipp"]
[Result "0-1"]
[Termination "normal"]
[Board "7"]
[WhiteElo "1274"]
[BlackElo "1442"]
[PlyCount "90"]
[EventCountry "GER"]
[EventRounds "11"]
[EventType "swiss"]
[EventDate "2004.05.29"]

1. d4 Nf6 2. c4 c5 3. dxc5 Qa5+ 4. Nc3 Qxc5 5. e3 d6 6. h3 g6 7. Nf3 Bg7 8. e4
O-O 9. Bd3 Nbd7 10. Be3 Qc7 11. O-O b6 12. Rc1 Bb7 13. Qd2 Nc5 14. Qc2 Rfc8 15.
Bxc5 Qxc5 16. b3 Nd7 17. Na4 Qc7 18. Rfd1 Nc5 19. Nxc5 Qxc5 20. Be2 b5 21. Qd2
b4 22. Qd3 Qc6 23. Qd5 Qb6 24. Qb5 Qxb5 25. cxb5 Bxe4 26. Nd4 Rxc1 27. Rxc1
Bxd4 28. Rc4 e5 29. Rc7 Bc5 30. Bc4 Rf8 31. g4 Bb6 32. Rd7 d5 33. Bxd5 Bxd5 34.
Rxd5 Bd4 35. Rd7 Rc8 36. g5 Rc2 37. Rd8+ Kg7 38. Kg2 Rxf2+ 39. Kg3 Rxa2 40. Kf3
Ra3 41. h4 Rxb3+ 42. Ke4 Rh3 43. Kd5 b3 44. Kd6 Rf3 45. Ke7 b2 0-1

[Event "DEM U10/U10w 2004"]
[Site "Willingen GER"]
[Date "2004.05.31"]
[Round "3"]
[White "Marquardt, Patrick"]
[Black "Dünzel, Jonas"]
[Result "1-0"]
[Termination "normal"]
[Board "8"]
[WhiteElo "1269"]
[BlackElo "1433"]
[PlyCount "35"]
[WhiteFideId "4670086"]
[BlackFideId "24631167"]
[EventCountry "GER"]
[EventRounds "11"]
[EventType "swiss"]
[EventDate "2004.05.29"]

1. d4 d5 2. c4 c6 3. Nc3 Nf6 4. e3 e6 5. Bd2 b6 6. Nf3 Bb7 7. Bd3 Nbd7 8. O-O
Bd6 9. cxd5 exd5 10. Re1 O-O 11. Qc2 a6 12. e4 dxe4 13. Nxe4 Nxe4 14. Rxe4 c5
15. Rh4 Bxf3 16. Bxh7+ Kh8 17. Rh3 Bg4 18. Bg8+ 1-0

[Event "DEM U10/U10w 2004"]
[Site "Willingen GER"]
[Date "2004.05.31"]
[Round "3"]
[White "Kazman, Caner"]
[Black "Osmanodja, Bilgin"]
[Result "0-1"]
[Termination "normal"]
[Board "9"]
[WhiteElo "1259"]
[BlackElo "1388"]
[PlyCount "112"]
[WhiteFideId "24684953"]
[EventCountry "GER"]
[EventRounds "11"]
[EventType "swiss"]
[EventDate "2004.05.29"]

1. e4 c5 2. Nf3 d6 3. d4 cxd4 4. Nxd4 Nf6 5. Nc3 g6 6. Be3 Bg7 7. Bc4 O-O 8. h3
Nc6 9. Bb3 Bd7 10. O-O a6 11. Re1 Rc8 12. Bg5 Ne5 13. Nd5 Nxd5 14. Bxd5 Nc6 15.
c3 Nxd4 16. cxd4 Bc6 17. Rc1 h6 18. Bh4 g5 19. Bg3 Qb6 20. Bxc6 bxc6 21. b3
Bxd4 22. Rc2 Bg7 23. Re3 Rfd8 24. h4 f6 25. Qd3 Kh8 26. hxg5 fxg5 27. Qe2 Rf8
28. Qg4 Qd4 29. Rce2 Qa1+ 30. Kh2 Be5 31. Qe6 Bxg3+ 32. Rxg3 Qf6 33. Qc4 a5 34.
Qa4 Qe5 35. Qa3 h5 36. Kh1 Rxf2 37. Rxf2 Qxg3 38. Re2 Qc3 39. Qb2 Qxb2 40. Rxb2
Rb8 41. Rc2 c5 42. e5 Kg7 43. exd6 exd6 44. Rd2 Rd8 45. Rf2 Rf8 46. Rd2 Rf6 47.
Rd5 Kg6 48. Kh2 Re6 49. Kg3 Kh6 50. Kf3 Rg6 51. Rf5 h4 52. a4 g4+ 53. Kf2 g3+
54. Kg1 Re6 55. Kf1 Kg6 56. Rf3 Rf6 0-1

[Event "DEM U10/U10w 2004"]
[Site "Willingen GER"]
[Date "2004.05.31"]
[Round "3"]
[White "Friedrich, Wiede"]
[Black "Hager, Joshua Aarash"]
[Result "1-0"]
[Termination "normal"]
[Board "10"]
[WhiteElo "1436"]
[BlackElo "1193"]
[PlyCount "101"]
[WhiteFideId "24629537"]
[BlackFideId "24642789"]
[EventCountry "GER"]
[EventRounds "11"]
[EventType "swiss"]
[EventDate "2004.05.29"]

1. e4 c5 2. Nf3 Nc6 3. d4 cxd4 4. Nxd4 Nf6 5. f3 d6 6. Be3 a6 7. Be2 e6 8. O-O
Be7 9. c3 Qc7 10. Nd2 O-O 11. Qc2 Bd7 12. g4 h6 13. Nxc6 Bxc6 14. g5 hxg5 15.
Bxg5 Nxe4 16. Bxe7 Nxd2 17. Bxf8 Nxf1 18. Bxg7 Nxh2 19. Bf6 Nxf3+ 20. Bxf3 Bxf3
21. Qf2 Qc5 22. Bd4 Qh5 23. Qg3+ Qg4 24. Qxg4+ Bxg4 25. Bf6 Kh7 26. Be7 d5 27.
Bf6 Kg6 28. Rf1 Bf5 29. Bd4 Rg8 30. Rc1 Be4 31. c4 Kf5+ 32. Kf2 Rg2+ 33. Ke3 e5
34. Rf1+ Ke6 35. cxd5+ Bxd5 36. Bc3 Bxa2 37. Rh1 Bd5 38. Rh5 f6 39. Rh8 Kf5 40.
Rf8 Rg3+ 41. Ke2 Rf3 42. Rd8 Bc6 43. Rf8 Ke4 44. Rh8 Bb5+ 45. Kd2 Rf2+ 46. Ke1
Re2+ 47. Kd1 f5 48. Rh7 Bc6 49. Kxe2 f4 50. Re7 f3+ 51. Kf2 1-0

[Event "DEM U10/U10w 2004"]
[Site "Willingen GER"]
[Date "2004.05.31"]
[Round "3"]
[White "Babayev, Ramil"]
[Black "Schulz, Anja"]
[Result "1-0"]
[Termination "normal"]
[Board "11"]
[WhiteElo "1382"]
[BlackElo "1166"]
[PlyCount "41"]
[WhiteFideId "24664243"]
[BlackFideId "24647845"]
[EventCountry "GER"]
[EventRounds "11"]
[EventType "swiss"]
[EventDate "2004.05.29"]

1. e4 c5 2. Nc3 Nc6 3. f4 g6 4. Bb5 a6 5. Bxc6 dxc6 6. Nf3 Bg7 7. d3 Bg4 8. O-O
Bd4+ 9. Kh1 Nh6 10. f5 O-O 11. Bxh6 Re8 12. h3 Bxf3 13. Qxf3 Qd6 14. Bd2 e6 15.
fxg6 fxg6 16. Qf7+ Kh8 17. Bh6 Rab8 18. Ne2 Bxb2 19. Rab1 Be5 20. Rxb7 Rbc8 21.
Qxh7# 1-0

[Event "DEM U10/U10w 2004"]
[Site "Willingen GER"]
[Date "2004.05.31"]
[Round "3"]
[White "Dauer, Maximilian"]
[Black "Schmitz, Stefan"]
[Result "0-1"]
[Termination "normal"]
[Board "13"]
[WhiteElo "1124"]
[BlackElo "1328"]
[PlyCount "102"]
[BlackFideId "4625730"]
[EventCountry "GER"]
[EventRounds "11"]
[EventType "swiss"]
[EventDate "2004.05.29"]

1. e4 e5 2. Bc4 Nc6 3. Nc3 Nf6 4. d3 Bc5 5. Bg5 d6 6. Nf3 Qe7 7. Nd5 Qd8 8. O-O
Rf8 9. Re1 Be6 10. Ne3 h6 11. Bh4 g5 12. Bg3 Nh5 13. Nf1 Nxg3 14. Nxg3 Rh8 15.
Nd2 g4 16. Bxe6 fxe6 17. Qxg4 Qf6 18. Qf3 Qg5 19. Qh5+ Qxh5 20. Nxh5 O-O-O 21.
a3 Rhf8 22. Nf3 d5 23. Ng3 Nd4 24. Nxd4 Bxd4 25. Rf1 Bxb2 26. Ra2 Bd4 27. a4
Rd7 28. Kh1 Rxf2 29. Rxf2 Bxf2 30. c3 Bc5 31. Rd2 Bb6 32. Rd1 Ba5 33. Rc1 Rd6
34. Kg1 Rc6 35. exd5 exd5 36. Ne2 Rb6 37. d4 Rb2 38. Ng3 Bb6 39. Nf5 exd4 40.
cxd4 c6 41. Nxh6 Bxd4+ 42. Kh1 Be3 43. Rf1 Bxh6 44. g4 Rb4 45. Rg1 Bg5 46. a5
d4 47. Re1 Rb5 48. Rd1 Rd5 49. Kg2 d3 50. Kf3 d2 51. Kg3 Rc5 0-1

[Event "DEM U10/U10w 2004"]
[Site "Willingen GER"]
[Date "2004.05.31"]
[Round "3"]
[White "Große, Christian"]
[Black "Wittke, Rene"]
[Result "0-1"]
[Termination "normal"]
[Board "14"]
[WhiteElo "1119"]
[BlackElo "1523"]
[PlyCount "54"]
[WhiteFideId "24646156"]
[BlackFideId "24640255"]
[EventCountry "GER"]
[EventRounds "11"]
[EventType "swiss"]
[EventDate "2004.05.29"]

1. c4 e5 2. Nc3 Nf6 3. g3 Nc6 4. Bg2 d6 5. Nf3 g6 6. d4 exd4 7. Nxd4 Ne5 8. b3
Bg7 9. Bg5 h6 10. Bf4 Ned7 11. O-O O-O 12. Qd2 Kh7 13. Rfe1 Nh5 14. Be3 Ne5 15.
h3 g5 16. f4 gxf4 17. Bxf4 c6 18. Rad1 Ng6 19. e3 Ngxf4 20. gxf4 Rg8 21. Kh2
Qh4 22. Rg1 Qg3+ 23. Kh1 Bxd4 24. Qxd4 Bf5 25. Qxd6 Qh4 26. Qc7 Rg7 27. Qxb7
Bxh3 0-1

[Event "DEM U10/U10w 2004"]
[Site "Willingen GER"]
[Date "2004.05.31"]
[Round "3"]
[White "Rafayevych, Vilen"]
[Black "Rührmund, Daniel"]
[Result "1-0"]
[Termination "normal"]
[Board "15"]
[WhiteElo "1425"]
[BlackElo "1122"]
[PlyCount "69"]
[WhiteFideId "24673897"]
[BlackFideId "24674583"]
[EventCountry "GER"]
[EventRounds "11"]
[EventType "swiss"]
[EventDate "2004.05.29"]

1. d4 d5 2. Nf3 Nf6 3. c4 c6 4. Nc3 e6 5. Bg5 Nbd7 6. e3 Bb4 7. Rc1 O-O 8. Bd3
dxc4 9. Bxc4 Qc7 10. O-O Kh8 11. Re1 Nb6 12. Qb3 Bd6 13. Bd3 Nfd5 14. e4 Nxc3
15. bxc3 Be7 16. Bb1 f6 17. Bh4 e5 18. Qc2 Bg4 19. h3 Bh5 20. c4 Bg6 21. Bg3
Rad8 22. c5 Nc8 23. Rcd1 f5 24. Nxe5 Bh5 25. Nf7+ Rxf7 26. Bxc7 Rd7 27. Be5
Bxd1 28. Rxd1 fxe4 29. Qxe4 Rf5 30. Qxf5 Kg8 31. Qxh7+ Kf7 32. Qxg7+ Ke8 33.
Bg6+ Kd8 34. Qg8+ Bf8 35. Qxf8# 1-0

[Event "DEM U10/U10w 2004"]
[Site "Willingen GER"]
[Date "2004.05.31"]
[Round "3"]
[White "Riabov, Igor"]
[Black "Spangenberg, Romy"]
[Result "1-0"]
[Termination "normal"]
[Board "16"]
[WhiteElo "1353"]
[BlackElo "1119"]
[PlyCount "129"]
[BlackFideId "4627997"]
[EventCountry "GER"]
[EventRounds "11"]
[EventType "swiss"]
[EventDate "2004.05.29"]

1. e4 c5 2. Nf3 d6 3. d4 cxd4 4. Nxd4 Nf6 5. Nc3 g6 6. Bc4 e6 7. Be3 Bg7 8. Qd2
Nc6 9. f3 a6 10. O-O-O Ne5 11. Bb3 Nc6 12. g4 b5 13. Nxc6 Qc7 14. Qxd6 Qd7 15.
Qxd7+ Nxd7 16. Bd4 Bxd4 17. Nxd4 Bb7 18. Rd2 Ne5 19. Rg1 O-O 20. f4 Nc6 21.
Nxc6 Bxc6 22. h4 Kg7 23. h5 a5 24. a4 b4 25. Rd6 Rac8 26. Ne2 Bxe4 27. hxg6
hxg6 28. Nd4 Rfe8 29. f5 e5 30. Nb5 30... Rcd8 {vermutlich folgt} 31. Nc7 Rh8
32. Rxd8 Rxd8 33. fxg6 Bxg6 34. Rd1 Rxd1+ 35. Kxd1 Kf6 36. Ke2 Kg5 37. Kf3 e4+
38. Kg3 f5 39. gxf5 Kxf5 40. Nd5 Bf7 41. Ne3+ Kf6 42. Bxf7 Kxf7 43. Kf4 Ke6 44.
Kxe4 Kd6 45. Kd4 Kc6 46. Nc4 Kb7 47. Nxa5+ Kb6 48. Nc4+ Kc6 49. c3 bxc3 50.
bxc3 Kb7 51. Ne5 Kb6 52. c4 Ka5 53. c5 Ka6 54. Kd5 Kb7 55. a5 Kc7 56. a6 Kb8
57. c6 Ka7 58. c7 Kxa6 59. c8=Q+ Kb6 60. Kd6 Kb5 61. Qb8+ Ka4 62. Kc5 Ka3 63.
Kc4 Ka2 64. Kc3 Ka1 65. Qb2# 1-0

[Event "DEM U10/U10w 2004"]
[Site "Willingen GER"]
[Date "2004.05.31"]
[Round "3"]
[White "Barden, Andrea"]
[Black "Risius, Philipp"]
[Result "1/2-1/2"]
[Termination "normal"]
[Board "17"]
[WhiteElo "1115"]
[BlackElo "1264"]
[PlyCount "79"]
[WhiteFideId "24698822"]
[BlackFideId "24630330"]
[EventCountry "GER"]
[EventRounds "11"]
[EventType "swiss"]
[EventDate "2004.05.29"]

1. c4 e5 2. Nc3 Nf6 3. g3 Nc6 4. Bg2 Bc5 5. d3 d6 6. Nf3 Bd7 7. O-O Qc8 8. b3
Bh3 9. Bb2 Nd4 10. Nxd4 Bxd4 11. e3 Bxc3 12. Bxc3 Bxg2 13. Kxg2 O-O 14. d4 Rd8
15. dxe5 dxe5 16. Qf3 Re8 17. Rad1 c6 18. h3 Qc7 19. Rd2 e4 20. Qf5 Qe7 21.
Rfd1 Qe6 22. Qc5 b6 23. Qg5 h6 24. Qf4 Nh5 25. Qh4 Qf5 26. Qg4 g6 27. Qxf5 gxf5
28. Rd6 Re6 29. Rxe6 fxe6 30. Rd6 c5 31. Rxe6 Kh7 32. g4 fxg4 33. hxg4 Ng7 34.
Re7 Rg8 35. Rxe4 Nf5 36. Kf3 Nh4+ 37. Kf4 Ng6+ 38. Kf5 Rf8+ 39. Bf6 Nh4+ 40.
Ke5 1/2-1/2

[Event "DEM U10/U10w 2004"]
[Site "Willingen GER"]
[Date "2004.05.31"]
[Round "3"]
[White "Gering, Samuel"]
[Black "Fittkau, Nico"]
[Result "0-1"]
[Termination "normal"]
[Board "18"]
[WhiteElo "1059"]
[BlackElo "1253"]
[PlyCount "80"]
[WhiteFideId "24604526"]
[EventCountry "GER"]
[EventRounds "11"]
[EventType "swiss"]
[EventDate "2004.05.29"]

1. e4 c5 2. Nf3 d6 3. d4 cxd4 4. Nxd4 Nf6 5. Nc3 a6 6. Bc4 e6 7. Be3 Be7 8. O-O
O-O 9. Qf3 b5 10. Bd3 Bb7 11. a3 Nbd7 12. Qg3 Re8 13. Bh6 g6 14. Rfe1 Rc8 15.
b4 Rxc3 16. Ra2 Bxe4 17. Rd1 Qb6 18. Ne2 Rc6 19. h3 Bxd3 20. Rxd3 Rec8 21. Rd2
Ne4 22. Qd3 Qxf2+ 23. Kh1 Qe1+ 24. Kh2 Nxd2 25. Bxd2 Qh4 26. Nd4 Rc4 27. Nf3
Qe4 28. Qb3 Rxc2 29. Rxc2 Rxc2 30. Qb1 Rc4 31. Qf1 Ne5 32. Nxe5 Qxe5+ 33. Kh1
d5 34. Qg1 Bd6 35. a4 bxa4 36. b5 axb5 37. Ba5 a3 38. Bb6 Rc1 39. g3 Qxg3 40.
Bf2 Qh2# 0-1

[Event "DEM U10/U10w 2004"]
[Site "Willingen GER"]
[Date "2004.05.31"]
[Round "3"]
[White "Sancar, Alina"]
[Black "Göbel, Constantin"]
[Result "1-0"]
[Termination "normal"]
[Board "19"]
[WhiteElo "992"]
[BlackElo "1237"]
[PlyCount "51"]
[WhiteFideId "4624750"]
[BlackFideId "24647071"]
[EventCountry "GER"]
[EventRounds "11"]
[EventType "swiss"]
[EventDate "2004.05.29"]

1. e4 e6 2. d4 d5 3. e5 c5 4. c3 Nc6 5. f4 f6 6. Nf3 c4 7. b3 b5 8. Be2 Be7 9.
O-O Qb6 10. Be3 Bd8 11. Nbd2 Bc7 12. Qc2 fxe5 13. fxe5 Nxe5 14. Nxe5 Bxe5 15.
Rf2 Bf6 16. Raf1 Kd8 17. Bg4 Ba6 18. Re1 Qd6 19. Bf4 Qd7 20. Rxe6 Be7 21. Rd6
Qxd6 22. Bxd6 Bxd6 23. Qf5 Bc8 24. Qxd5 Kc7 25. Rf7+ Kb6 26. Qxa8 1-0

[Event "DEM U10/U10w 2004"]
[Site "Willingen GER"]
[Date "2004.05.31"]
[Round "3"]
[White "Leach, Julien"]
[Black "Döring, Stefan"]
[Result "1-0"]
[Termination "normal"]
[Board "20"]
[WhiteElo "1232"]
[BlackElo "1113"]
[PlyCount "47"]
[BlackFideId "1272047"]
[EventCountry "GER"]
[EventRounds "11"]
[EventType "swiss"]
[EventDate "2004.05.29"]

1. e4 e6 2. d4 d5 3. Nd2 Nf6 4. e5 Nfd7 5. Ngf3 c5 6. c3 Qb6 7. Qb3 Nc6 8. Qxb6
Nxb6 9. Bd3 Be7 10. a3 cxd4 11. cxd4 Bd7 12. O-O O-O 13. b4 a5 14. b5 Na7 15.
a4 Bb4 16. Bb2 Rac8 17. Rfd1 Nc4 18. Nxc4 dxc4 19. Be4 c3 20. Ba3 b6 21. Ne1
Rc4 22. Nc2 Rfc8 23. Bd3 Rxd4 24. Nxb4 1-0

[Event "DEM U10/U10w 2004"]
[Site "Willingen GER"]
[Date "2004.05.31"]
[Round "3"]
[White "Malici, Nora"]
[Black "Gisy, Roberto"]
[Result "0-1"]
[Termination "normal"]
[Board "21"]
[WhiteElo "912"]
[BlackElo "1229"]
[PlyCount "62"]
[EventCountry "GER"]
[EventRounds "11"]
[EventType "swiss"]
[EventDate "2004.05.29"]

1. e4 e5 2. Nf3 Nc6 3. d3 Nf6 4. Nc3 d5 5. d4 dxe4 6. dxe5 Qxd1+ 7. Kxd1 Ng4 8.
Nxe4 Bf5 9. Nfd2 Ncxe5 10. h3 O-O-O 11. hxg4 Bxe4 12. f3 Nxf3 13. Ke2 Nxd2 14.
Bxd2 Bxc2 15. Rc1 Bd3+ 16. Kd1 Bb4 17. Bxd3 Rxd3 18. Ke2 Rxd2+ 19. Ke3 Rxb2 20.
Rhf1 Bd2+ 21. Kf3 Bxc1 22. Rxc1 Rxa2 23. Rb1 Rd8 24. Re1 Rdd2 25. Re7 Rxg2 26.
Re8+ Kd7 27. Re3 Raf2+ 28. Ke4 Rxg4+ 29. Kd3 Rgf4 30. Kc3 R2f3 31. Rxf3 Rxf3+
0-1

[Event "DEM U10/U10w 2004"]
[Site "Willingen GER"]
[Date "2004.05.31"]
[Round "3"]
[White "Mirke, Roy"]
[Black "Liptak, Patrick"]
[Result "0-1"]
[Termination "normal"]
[Board "22"]
[WhiteElo "1227"]
[BlackElo "1085"]
[PlyCount "92"]
[WhiteFideId "24647306"]
[EventCountry "GER"]
[EventRounds "11"]
[EventType "swiss"]
[EventDate "2004.05.29"]

1. d4 Nf6 2. Nf3 g6 3. Nc3 Bg7 4. e4 d6 5. Be3 O-O 6. Be2 Bg4 7. O-O Nbd7 8. h3
Bxf3 9. Bxf3 c5 10. Qd2 cxd4 11. Bxd4 Nc5 12. Qe3 b6 13. Bxc5 bxc5 14. e5 dxe5
15. Bxa8 Qxa8 16. Qxc5 Re8 17. Rad1 Nh5 18. Qd5 Qc8 19. Qb3 Qa8 20. Nd5 Rb8 21.
Qf3 Bf8 22. b3 Rc8 23. c4 Qb8 24. Rfe1 f6 25. Rd2 Kf7 26. Rde2 Kg7 27. Re3 Re8
28. Rd1 e6 29. Nc3 f5 30. Rd7+ Re7 31. Rxe7+ Bxe7 32. Qc6 Kf7 33. Nb5 Ng7 34.
Qc7 Qxc7 35. Nxc7 Bf6 36. c5 Ne8 37. Nxe8 Kxe8 38. Rd3 Bd8 39. b4 Bc7 40. a4 a6
41. c6 e4 42. Rd7 Be5 43. b5 axb5 44. axb5 Bc3 45. Rxh7 Kd8 46. Rh8+ Bxh8 0-1

[Event "DEM U10/U10w 2004"]
[Site "Willingen GER"]
[Date "2004.05.31"]
[Round "3"]
[White "Weißenburg, Isabel"]
[Black "Ohnesorg, Felix"]
[Result "1-0"]
[Termination "normal"]
[Board "23"]
[WhiteElo "878"]
[BlackElo "1226"]
[PlyCount "63"]
[WhiteFideId "4612922"]
[BlackFideId "24653578"]
[EventCountry "GER"]
[EventRounds "11"]
[EventType "swiss"]
[EventDate "2004.05.29"]

1. e4 c5 2. Nf3 Nc6 3. d4 e6 4. Nc3 b6 5. Be2 Bb7 6. Bf4 d6 7. Qd3 Nb4 8. Qd2
cxd4 9. Nb5 Nc6 10. O-O a6 11. Nbxd4 Nxd4 12. Qxd4 e5 13. Bg5 f6 14. Qe3 fxg5
15. Nxg5 Nf6 16. Qb3 d5 17. Rad1 Qd7 18. Bc4 dxc4 19. Rxd7 cxb3 20. Rxb7 bxc2
21. Ne6 Rc8 22. Nc7+ Kf7 23. Nd5+ Kg6 24. Rc1 Nxd5 25. exd5 Bb4 26. Rxb6+ Kf5
27. Rxb4 Rcd8 28. Rxc2 Rxd5 29. Kf1 Rhd8 30. Ke2 e4 31. Rcc4 Rd2+ 32. Kf1 {
Rest nicht nachvollziehbar} 1-0

[Event "DEM U10/U10w 2004"]
[Site "Willingen GER"]
[Date "2004.05.31"]
[Round "3"]
[White "Lebeda, Timo"]
[Black "Lebek, Ricarda"]
[Result "1/2-1/2"]
[Termination "normal"]
[Board "26"]
[WhiteElo "1205"]
[BlackElo "914"]
[PlyCount "199"]
[WhiteFideId "4638565"]
[BlackFideId "4624688"]
[EventCountry "GER"]
[EventRounds "11"]
[EventType "swiss"]
[EventDate "2004.05.29"]

1. e4 e6 2. Nf3 d5 3. exd5 exd5 4. d4 c5 5. Nc3 Nf6 6. Be3 Qb6 7. Rb1 Nc6 8.
Be2 Bd6 9. O-O O-O 10. a3 Bg4 11. Na4 Qc7 12. dxc5 Bf4 13. Bxf4 Qxf4 14. Nc3 d4
15. Nb5 Rfd8 16. Re1 Ne4 17. Nfxd4 Qxf2+ 18. Kh1 Nxd4 19. Bxg4 Nxb5 20. Qe2
Qxe2 21. Bxe2 Nd4 22. Bd3 Nf2+ 23. Kg1 Nxd3 24. cxd3 Rac8 25. b4 Nf5 26. Re5
Nh6 27. Rd1 Rd7 28. d4 Rcd8 29. d5 f6 30. Re2 Rxd5 31. Rxd5 Rxd5 32. Re7 b6 33.
c6 Rd1+ 34. Kf2 Nf5 35. Rd7 Nd6 36. c7 Rc1 37. Rxd6 Rxc7 38. h4 Rc2+ 39. Kg3
Rc3+ 40. Kh2 Rxa3 41. b5 Ra5 42. Rd7 a6 43. bxa6 Rxa6 44. Rb7 h5 45. Kg3 Kh7
46. Kf4 Kg6 47. g4 Ra4+ 48. Ke3 hxg4 49. Rxb6 g3 50. Rb1 g2 51. Kf3 Rxh4 52.
Kxg2 f5 53. Kg3 Rc4 54. Rf1 Kg5 55. Kh3 f4 56. Kg2 Kg4 57. Kh2 Rc3 58. Kg2 Rc2+
59. Kh1 Kg3 60. Kg1 f3 61. Rd1 f2+ 62. Kf1 g5 63. Rb1 g4 64. Rb3+ Kf4 65. Rf3+
Kg5 66. Rxf2 Rxf2+ 67. Kxf2 Kf4 68. Kg2 g3 69. Kg1 Kf3 70. Kf1 Kg4 71. Kg2 Kh4
72. Kg1 Kh3 73. Kh1 Kg4 74. Kg2 Kf4 75. Kg1 Kf3 76. Kf1 Ke3 77. Kg1 Kf3 78. Kf1
Kg4 79. Kg2 Kh4 80. Kg1 Kh3 81. Kh1 Kh4 82. Kg1 Kg4 83. Kg2 Kf4 84. Kg1 Ke3 85.
Kg2 Kf4 86. Kg1 Kf3 87. Kf1 Kg4 88. Kg2 Kh4 89. Kg1 Kh3 90. Kh1 Kg4 91. Kg2 Kf4
92. Kg1 Kf3 93. Kf1 Kf4 94. Kg1 Ke3 95. Kg2 Kf4 96. Kg1 Kg4 97. Kg2 Kh4 98. Kg1
Kh3 99. Kh1 Kg4 100. Kg2 1/2-1/2

[Event "DEM U10/U10w 2004"]
[Site "Willingen GER"]
[Date "2004.05.31"]
[Round "3"]
[White "Braun, Georg"]
[Black "Dietrich, Christoph"]
[Result "1-0"]
[Termination "normal"]
[Board "27"]
[WhiteElo "1181"]
[BlackElo "815"]
[PlyCount "65"]
[WhiteFideId "24629383"]
[EventCountry "GER"]
[EventRounds "11"]
[EventType "swiss"]
[EventDate "2004.05.29"]

1. e4 c5 2. Nf3 Nc6 3. Nc3 g6 4. Bc4 Bg7 5. O-O Nf6 6. d3 O-O 7. Be3 d6 8. Qd2
Re8 9. Bh6 Bh8 10. Rfe1 Bd7 11. e5 dxe5 12. Nd5 Ng4 13. Bg5 Bg7 14. h3 Nf6 15.
Nxf6+ exf6 16. Be3 Qa5 17. c3 f5 18. Bh6 Bf6 19. Ng5 Be6 20. Nxe6 fxe6 21. f4
Nd4 22. b4 Qd8 23. cxd4 Qxd4+ 24. Kh1 e4 25. Rad1 cxb4 26. Qxb4 exd3 27. Rxd3
Qb6 28. Qxb6 axb6 29. Rxe6 Rxe6 30. Bxe6+ Kh8 31. Rd6 Bd8 32. Rd7 Rb8 33. Bg7#
1-0

[Event "DEM U10/U10w 2004"]
[Site "Willingen GER"]
[Date "2004.05.31"]
[Round "3"]
[White "Schäfer, Daniela"]
[Black "Dilz, Jasmin"]
[Result "1/2-1/2"]
[Termination "normal"]
[Board "35"]
[WhiteElo "918"]
[BlackElo "1004"]
[PlyCount "90"]
[WhiteFideId "4624769"]
[EventCountry "GER"]
[EventRounds "11"]
[EventType "swiss"]
[EventDate "2004.05.29"]

1. e4 e5 2. Nf3 Nc6 3. d4 Bd6 4. Nc3 exd4 5. Nxd4 Nxd4 6. Qxd4 f6 7. Bc4 Be5 8.
Qd3 Ne7 9. Be3 Bxc3+ 10. Qxc3 d5 11. O-O-O Be6 12. f4 Qd7 13. f5 Bf7 14. Rd2
Qc6 15. exd5 Bxd5 16. Bxd5 Nxd5 17. Qxc6+ bxc6 18. Re1 O-O 19. Bc5 Rfd8 20.
Red1 Re8 21. c4 Ne7 22. Bxe7 Rxe7 23. Rd8+ Rxd8 24. Rxd8+ Kf7 25. Kc2 Re8 26.
Rxe8 Kxe8 27. Kd3 Kd7 28. Kd4 Kd6 29. c5+ Kd7 30. b3 Ke7 31. g4 h6 32. h3 Kd7
33. b4 a6 34. a4 Kc8 35. Kc4 Kb7 36. b5 a5 37. h4 cxb5+ 38. Kxb5 c6+ 39. Kxa5
Ka7 40. Kb4 Ka6 41. h5 Kb7 42. Ka5 Ka7 43. Kb4 Kb7 44. a5 Ka6 45. Ka4 Kb7
1/2-1/2

[Event "DEM U10/U10w 2004"]
[Site "Willingen GER"]
[Date "2004.05.31"]
[Round "3"]
[White "Rosenkranz, Christian"]
[Black "Rutz, Maximilian"]
[Result "1-0"]
[Termination "normal"]
[Board "36"]
[WhiteElo "1152"]
[BlackElo "962"]
[PlyCount "119"]
[WhiteFideId "24674494"]
[EventCountry "GER"]
[EventRounds "11"]
[EventType "swiss"]
[EventDate "2004.05.29"]

1. e4 d5 2. exd5 Nf6 3. c4 c6 4. dxc6 Nxc6 5. b3 e5 6. Bb2 Bd6 7. Nc3 Bf5 8.
Be2 O-O 9. d3 Re8 10. Nf3 a6 11. a4 Qc7 12. O-O Rad8 13. Rc1 e4 14. Nd5 Nxd5
15. cxd5 exf3 16. Bxf3 Bxh2+ 17. Kh1 Bf4 18. Rc2 Rd6 19. Re1 Red8 20. dxc6 bxc6
21. Qe2 Re6 22. Qf1 Bxd3 23. Ree2 $11 23... Rh6+ 24. Kg1 Bg5 25. Be5 Qd7 26.
Qd1 Bxc2 27. Qxd7 Rxd7 28. Bc3 f6 29. Rxc2 a5 30. g3 c5 31. Bxa5 Rd3 32. Be4
Rxb3 33. Bd5+ Kh8 34. Bxb3 f5 35. Bd2 Bxd2 36. Rxd2 g5 37. a5 Ra6 38. Ra2 Kg7
39. Bc4 Ra7 40. a6 Kf6 41. f4 gxf4 42. gxf4 Kg6 43. Rc2 Rc7 44. Bb5 Kh5 45. Ra2
Ra7 46. Ra5 Kg4 47. Bc4 h5 48. Rxc5 Kg3 49. Rxf5 h4 50. Rf7 Ra8 51. a7 h3 52.
Bd5 h2+ 53. Kh1 Re8 54. Rg7+ Kh3 55. Bg2+ Kh4 56. Kxh2 Kh5 57. a8=Q Rxa8 58.
Bxa8 Kh6 59. Rg2 Kh5 60. Kg1 1-0

[Event "DEM U10/U10w 2004"]
[Site "Willingen GER"]
[Date "2004.05.31"]
[Round "3"]
[White "Blankenstein, Julius"]
[Black "Voggenreiter, Sara"]
[Result "0-1"]
[Termination "normal"]
[Board "37"]
[WhiteElo "786"]
[BlackElo "1150"]
[PlyCount "56"]
[BlackFideId "24615358"]
[EventCountry "GER"]
[EventRounds "11"]
[EventType "swiss"]
[EventDate "2004.05.29"]

1. d4 d5 2. c4 dxc4 3. e3 Be6 4. Nc3 Nf6 5. Qf3 Nc6 6. b3 cxb3 7. axb3 Bxb3 8.
Bb5 Nd5 9. Bxc6+ bxc6 10. Bb2 e6 11. Qe2 Bb4 12. Nf3 Nxc3 13. Bxc3 Bxc3+ 14.
Nd2 Bxa1 15. Nxb3 Bc3+ 16. Nd2 Rb8 17. O-O Rb2 18. Rd1 O-O 19. Qd3 Bxd2 20.
Rxd2 Rxd2 21. Qxd2 c5 22. g3 cxd4 23. exd4 e5 24. Qa5 exd4 25. Kf1 Re8 26. Qxa7
d3 27. Kg2 d2 28. h3 d1=Q 0-1

[Event "DEM U10/U10w 2004"]
[Site "Willingen GER"]
[Date "2004.05.31"]
[Round "3"]
[White "Kühnel, Lena"]
[Black "Prymak, Anna"]
[Result "1-0"]
[Termination "normal"]
[Board "38"]
[WhiteElo "1104"]
[BlackElo "774"]
[PlyCount "75"]
[WhiteFideId "24640956"]
[EventCountry "GER"]
[EventRounds "11"]
[EventType "swiss"]
[EventDate "2004.05.29"]

1. e4 e5 2. Nf3 Nc6 3. Nc3 Bc5 4. Nxe5 Nxe5 5. d4 Bb6 6. dxe5 d6 7. exd6 cxd6
8. Bf4 Ba5 9. Qxd6 Qf6 10. Qxf6 Nxf6 11. Bd3 O-O 12. O-O h6 13. h3 Nh7 14. Rad1
Re8 15. Rd2 Re6 16. a3 Rg6 17. e5 Bxh3 18. Bxg6 fxg6 19. gxh3 Rf8 20. Bg3 Rf5
21. b4 Bb6 22. Nd5 Bd8 23. Rfd1 Nf8 24. Ne3 Rg5 25. Rxd8 Rh5 26. Kg2 Kf7 27.
Ra8 a6 28. Rb8 Kg8 29. Rdd8 g5 30. Rxf8+ Kh7 31. e6 g4 32. Nxg4 a5 33. Rxb7
axb4 34. Nf6+ Kg6 35. Nxh5 Kxh5 36. Rb5+ g5 37. e7 bxa3 38. e8=B# 1-0

[Event "DEM U10/U10w 2004"]
[Site "Willingen GER"]
[Date "2004.05.31"]
[Round "3"]
[White "Pältz, Sebastian"]
[Black "Falke, Johannes"]
[Result "1-0"]
[Termination "normal"]
[Board "39"]
[WhiteElo "1001"]
[BlackElo "761"]
[PlyCount "45"]
[WhiteFideId "24648027"]
[EventCountry "GER"]
[EventRounds "11"]
[EventType "swiss"]
[EventDate "2004.05.29"]

1. e4 e5 2. Nf3 Nc6 3. Bb5 a6 4. Ba4 b5 5. Bb3 Bc5 6. O-O Nf6 7. Nxe5 Nxe5 8.
d4 Bxd4 9. Qxd4 d6 10. Nc3 c5 11. Qd1 c4 12. f4 Nc6 13. Qf3 Nd7 14. e5 Ne7 15.
Qxa8 cxb3 16. exd6 Nf5 17. Qe4+ Kf8 18. Qxf5 Qb6+ 19. Kh1 Qb7 20. Re1 Nc5 21.
Qxc5 Bh3 22. d7+ Kg8 23. Re8# 1-0